[Event "10. Bayer Open"]
[Site "?"]
[Date "2012.03.28"]
[Round "7"]
[White "Bießner, Eberhard"]
[Black "Hoffmann, Hans-Paul"]
[Result "1/2-1/2"]
[WhiteElo "1750"]
[BlackElo "1837"]
[PlyCount "50"]
[EventDate "2012.??.??"]
[SourceDate "2012.01.12"]

1. e4 d5 2. exd5 Qxd5 3. Nc3 Qa5 4. d4 Nf6 5. Bd2 c6 6. a3 Bf5 7. Bc4 e6 8.
Nge2 Qc7 9. Ng3 Bg6 10. O-O Bd6 11. Rc1 O-O 12. Qf3 Nbd7 13. h4 Bxg3 14. fxg3
Bh5 15. Qf2 Ng4 16. Qf4 Qxf4 17. gxf4 Rad8 18. Ne2 Bg6 19. Ng3 Ndf6 20. Be2 h5
21. f5 exf5 22. Nxf5 Bxf5 23. Rxf5 Rxd4 24. Bc3 Rd5 25. Rf4 Re8 1/2-1/2

[Event "10. Bayer Open"]
[Site "?"]
[Date "2012.03.28"]
[Round "7"]
[White "Themm, Rainer"]
[Black "Blumenthal, Ralf"]
[Result "1-0"]
[WhiteElo "1753"]
[BlackElo "1824"]
[PlyCount "101"]
[EventDate "2012.??.??"]
[SourceDate "2012.01.12"]

1. e4 d6 2. d4 Nf6 3. Bd3 g6 4. Nf3 Bg7 5. O-O O-O 6. Be3 Nc6 7. c3 e5 8. d5
Ne7 9. c4 Nh5 10. Qd2 Nf4 11. Bxf4 exf4 12. Nc3 Bh6 13. h3 f6 14. g4 Bd7 15.
Kh2 Kf7 16. Rg1 Qc8 17. Rae1 Re8 18. b4 c5 19. bxc5 Qxc5 20. Rg2 a6 21. g5 fxg5
22. Nxg5+ Kg7 23. Qxf4 Rf8 24. Qe3 Qxe3 25. fxe3 Rf6 26. h4 Raf8 27. Be2 Kh8
28. Kg3 Bg7 29. Nd1 h6 30. Nf3 R6f7 31. Rf2 Bf6 32. Ref1 Kg7 33. Nd4 Be5+ 34.
Kg2 Rxf2+ 35. Rxf2 Rxf2+ 36. Nxf2 Bf6 37. Nf3 Kf7 38. Nd3 Bg4 39. c5 Bxf3+ 40.
Kxf3 Bxh4 41. cxd6 Nc8 42. e5 Nb6 43. Ke4 Nc4 44. Nc5 Na5 45. Bg4 h5 46. Be2
Bg3 47. Nd7 h4 48. e6+ Kg7 49. e7 Kf7 50. Nf6 Bxd6 51. e8=Q+ 1-0

[Event "10. Bayer Open"]
[Site "?"]
[Date "2012.03.28"]
[Round "7"]
[White "Sockel, Karl-Heinz"]
[Black "Ringeltaube, Denny"]
[Result "1-0"]
[WhiteElo "1974"]
[BlackElo "1687"]
[PlyCount "63"]
[EventDate "2012.??.??"]
[SourceDate "2012.01.12"]

1. d4 Nf6 2. Nf3 e6 3. e3 c5 4. Bd3 d5 5. b3 cxd4 6. exd4 Be7 7. O-O Nbd7 8.
Bb2 O-O 9. Nbd2 b6 10. Rc1 Bb7 11. Qe2 Bd6 12. Ne5 Qe7 13. f4 g6 14. Rce1 Nh5
15. a4 Ng7 16. Rf3 Bxe5 17. fxe5 f6 18. exf6 Rxf6 19. Rxf6 Nxf6 20. Nf3 Rf8 21.
Ra1 Qc7 22. Ba3 Rc8 23. Rf1 Nd7 24. Ng5 Re8 25. Qf3 Nf5 26. g4 Qd8 27. h4 h6
28. gxf5 exf5 29. Bxf5 gxf5 30. Qxf5 hxg5 31. Qg6+ Kh8 32. Rf7 1-0

[Event "10. Bayer Open"]
[Site "?"]
[Date "2012.03.28"]
[Round "7"]
[White "Birnkott, Manfred"]
[Black "Yon, Gregory"]
[Result "1-0"]
[WhiteElo "1850"]
[BlackElo "1447"]
[PlyCount "77"]
[EventDate "2012.??.??"]
[SourceDate "2012.01.12"]

1. e4 d6 2. d4 Nf6 3. Nc3 g6 4. f4 c6 5. Nf3 Bg7 6. Bd3 O-O 7. O-O Nbd7 8. Kh1
Re8 9. e5 dxe5 10. dxe5 Nd5 11. Ne4 h6 12. a3 Qb6 13. Qe2 Nf8 14. c4 Nc7 15. c5
Qb3 16. Bc4 Qxc4 17. Qxc4 Nd5 18. Nc3 Nc7 19. Be3 Be6 20. Qe2 Nd5 21. Nxd5 Bxd5
22. Rad1 Rad8 23. Nd4 e6 24. h4 Nd7 25. b4 a6 26. h5 Nf8 27. hxg6 Nxg6 28. Qh5
Kh7 29. Bc1 Rc8 30. f5 Nxe5 31. f6 Bf8 32. Qxe5 Red8 33. Qh5 Rd7 34. Nf5 Rcd8
35. Nxh6 Bxg2+ 36. Kxg2 Rd2+ 37. Bxd2 Rxd2+ 38. Rxd2 Bxh6 39. Qxf7+ 1-0

[Event "10. Bayer Open"]
[Site "?"]
[Date "2012.03.28"]
[Round "7"]
[White "van Schyndel, Andreas"]
[Black "Hoeper, Heinz-Joachim"]
[Result "1/2-1/2"]
[WhiteElo "1699"]
[BlackElo "1416"]
[PlyCount "40"]
[EventDate "2012.??.??"]
[SourceDate "2012.01.12"]

1. d4 Nf6 2. c4 g6 3. Nc3 d6 4. e4 Bg7 5. f4 Bg4 6. Qd3 Bc8 7. Nf3 Nbd7 8. e5
dxe5 9. fxe5 Ng8 10. Ng5 e6 11. Nce4 Ne7 12. Be2 Nf5 13. Qf3 Qe7 14. Qf2 b6 15.
g4 Bb7 16. gxf5 exf5 17. Nf6+ Nxf6 18. exf6 Bxf6 19. Rg1 O-O-O 20. d5 Ba6
1/2-1/2

[Event "10. Bayer Open"]
[Site "?"]
[Date "2012.03.28"]
[Round "7"]
[White "Eschweiler, Gottfried"]
[Black "Weinmann-Musset, Manfred"]
[Result "0-1"]
[WhiteElo "1549"]
[BlackElo "1800"]
[PlyCount "76"]
[EventDate "2012.??.??"]
[SourceDate "2012.01.12"]

1. e4 c5 2. Nf3 d6 3. g3 Nc6 4. Bg2 Nf6 5. d3 h6 6. c3 Bg4 7. Nbd2 a6 8. a4 e5
9. O-O Be7 10. Re1 Nh7 11. h3 Be6 12. Nf1 Qd7 13. Ne3 g5 14. g4 h5 15. Nf5 hxg4
16. hxg4 Bf6 17. d4 cxd4 18. cxd4 exd4 19. a5 Be5 20. Ra4 {
Weiß bietet Remis an.} Bxf5 21. exf5 O-O-O 22. b4 f6 23. Qb3 Na7 24. Bd2 Nb5
25. Rc1+ Kb8 26. Ra2 Rc8 27. Rac2 Rxc2 28. Rxc2 Rc8 29. Nxe5 dxe5 30. Rxc8+
Kxc8 31. Qg8+ Kc7 32. Qc4+ Kb8 33. Qg8+ Ka7 34. Bd5 Nc3 35. Bf7 Ne4 36. Be1 d3
37. Qxh7 d2 38. Bxd2 Qxd2 0-1

[Event "10. Bayer Open"]
[Site "?"]
[Date "2012.03.28"]
[Round "7"]
[White "Neumann, Thomas"]
[Black "Elsweiler, Karl-Heinz"]
[Result "1-0"]
[WhiteElo "1702"]
[BlackElo "1588"]
[PlyCount "109"]
[EventDate "2012.??.??"]
[SourceDate "2012.01.12"]

1. e4 d5 2. exd5 Qxd5 3. Nc3 Qa5 4. d4 c6 5. Nf3 Bg4 6. Be2 Nf6 7. h3 Bxf3 8.
Bxf3 e6 9. O-O Be7 10. Re1 O-O 11. Ne4 Nbd7 12. Bd2 Qc7 13. c4 Nxe4 14. Rxe4
Nf6 15. Re2 Rad8 16. Bc3 Rfe8 17. Qb3 b6 18. Rd1 Nd7 19. Qa4 c5 20. Bc6 Bf6 21.
b4 cxd4 22. Bxd4 Bxd4 23. Rxd4 Nf6 24. Red2 Rxd4 25. Rxd4 Rd8 26. Qxa7 Qb8 27.
Rxd8+ Qxd8 28. Qa8 Qxa8 29. Bxa8 Kf8 30. Kf1 Ke8 31. Ke2 Kd7 32. Ke3 Kd6 33. f4
Nd7 34. Kd4 f6 35. a4 h6 36. Bb7 e5+ 37. fxe5+ fxe5+ 38. Ke4 g6 39. Bc8 Nf6+
40. Ke3 g5 41. Bb7 Kc7 42. Bd5 Kd6 43. a5 bxa5 44. bxa5 Kc5 45. a6 Kb6 46. Bb7
Ne8 47. Ke4 Nd6+ 48. Kd5 Nxb7 49. axb7 Kxb7 50. Kxe5 Kc6 51. Kf5 Kc5 52. Kg6
Kxc4 53. Kxh6 g4 54. hxg4 Kd4 55. g5 1-0

[Event "10. Bayer Open"]
[Site "?"]
[Date "2012.03.28"]
[Round "7"]
[White "Gnass, Arno"]
[Black "Düxmann, Marcel"]
[Result "0-1"]
[WhiteElo "1847"]
[BlackElo "1660"]
[PlyCount "104"]
[EventDate "2012.??.??"]
[SourceDate "2012.01.12"]

1. d4 Nf6 2. c4 g6 3. Nc3 Bg7 4. Nf3 O-O 5. e3 d6 6. b3 c5 7. Bb2 cxd4 8. Nxd4
a6 9. Be2 Nbd7 10. O-O e5 11. Nf3 Nc5 12. Rc1 Bg4 13. h3 Bc8 14. b4 Nce4 15.
Nd2 Nxc3 16. Bxc3 Qe7 17. Bf3 Rb8 18. Ne4 Rd8 19. Nxf6+ Bxf6 20. Ba1 b5 21. Qe2
Be6 22. Bd5 Bxd5 23. cxd5 Rdc8 24. Qg4 Qb7 25. e4 Kg7 26. f4 Rxc1 27. Rxc1 Qb6+
28. Kh1 Qe3 29. Rf1 h5 30. Qf3 Qxf3 31. Rxf3 exf4 32. Bxf6+ Kxf6 33. Rxf4+ Ke5
34. Rxf7 Kxe4 35. Ra7 Kxd5 36. Rxa6 Rd8 37. Ra7 Kc4 38. Rg7 d5 39. Rxg6 d4 40.
Rc6+ Kxb4 41. Kg1 d3 42. Rc1 d2 43. Rd1 Kc3 44. Kf2 Re8 45. Kg3 Re1 46. Rxd2
Kxd2 47. Kh4 Re5 48. a3 Kc3 49. Kg3 Kb3 50. Kf4 Re8 51. Kg5 Rg8+ 52. Kh4 Rxg2
0-1

[Event "10. Bayer Open"]
[Site "?"]
[Date "2012.03.28"]
[Round "7"]
[White "Rist, Kurt"]
[Black "Liebsch, Felix"]
[Result "0-1"]
[WhiteElo "1511"]
[BlackElo "1708"]
[PlyCount "82"]
[EventDate "2012.??.??"]
[SourceDate "2012.01.12"]

1. e4 e6 2. d4 d5 3. Nd2 Nf6 4. e5 Nfd7 5. f4 c5 6. c3 Nc6 7. Ngf3 Qb6 8. Nb3
a5 9. a4 cxd4 10. Nbxd4 Bc5 11. Bb5 O-O 12. Be3 f6 13. Nxe6 Bxe3 14. Nxf8 Bf2+
15. Kf1 Nxf8 16. Qe2 Bc5 17. exf6 gxf6 18. g4 Qc7 19. f5 Qf4 20. b4 axb4 21.
cxb4 Nxb4 22. h3 b6 23. Re1 Bb7 24. Rh2 d4 25. Bc4+ Kh8 26. Rf2 d3 27. Qb2 Nd7
28. g5 Bxf3 29. gxf6 Be2+ 30. Rexe2 dxe2+ 31. Qxe2 Qxf2+ 32. Qxf2 Bxf2 33. Kxf2
Nxf6 34. Bb5 Rc8 35. Kg3 Rc3+ 36. Kh4 h6 37. Ba6 Nbd5 38. Be2 Nf4 39. Bf1 Rf3
40. a5 Rxf1 41. axb6 Rf3 0-1

[Event "10. Bayer Open"]
[Site "?"]
[Date "2012.03.28"]
[Round "7"]
[White "Fröhling, Ewald"]
[Black "Wolff, Michael"]
[Result "0-1"]
[WhiteElo "1447"]
[BlackElo "1835"]
[PlyCount "54"]
[EventDate "2012.??.??"]
[SourceDate "2012.01.12"]

1. e4 c5 2. Nf3 Nc6 3. d4 cxd4 4. Nxd4 Nf6 5. Nc3 e5 6. Nb3 Bb4 7. Qf3 d5 8.
Nd2 Nd4 9. Qd3 dxe4 10. Ndxe4 Bf5 11. f3 Nxe4 12. fxe4 Qh4+ 13. Kd1 Rd8 14. Bd2
Bg4+ 15. Be2 Bxc3 16. Qxc3 Bxe2+ 17. Kc1 O-O 18. Qe3 Ba6 19. Bb4 Ne2+ 20. Kb1
Qxh2 21. Re1 Rfe8 22. b3 Qxg2 23. c4 Nf4 24. Rg1 Qe2 25. Qg3 Qd1+ 26. Rxd1
Rxd1+ 27. Kb2 Nd3+ 0-1

[Event "10. Bayer Open"]
[Site "?"]
[Date "2012.03.28"]
[Round "7"]
[White "Baier, Uwe"]
[Black "Falge, Rainer"]
[Result "0-1"]
[WhiteElo "1718"]
[BlackElo "1642"]
[PlyCount "106"]
[EventDate "2012.??.??"]
[SourceDate "2012.01.12"]

1. e4 d6 2. Nf3 Nf6 3. Nc3 g6 4. Bc4 Bg7 5. O-O O-O 6. d4 Nxe4 7. Bxf7+ Rxf7 8.
Nxe4 Bg4 9. Neg5 Bxf3 10. Nxf3 Nc6 11. d5 Ne5 12. Ng5 Rf5 13. g4 Rf6 14. Ne6
Qc8 15. f4 Nd7 16. Nxg7 Kxg7 17. b3 Kg8 18. Bb2 e5 19. dxe6 Rxe6 20. Qd4 Nf6
21. Kh1 c5 22. Qc3 Qc6+ 23. Kg1 d5 24. Rae1 Rae8 25. Rxe6 Rxe6 26. f5 d4 27.
Qc4 gxf5 28. gxf5 Nd5 29. fxe6 Ne3 30. Qe2 Nxf1 31. e7 Ne3 32. Qf2 Qg6+ 33. Qg3
Qxg3+ 34. hxg3 Kf7 35. Bc1 Nd5 36. Kf2 Kxe7 37. Kf3 Ke6 38. Ke4 Nc3+ 39. Kd3
Nxa2 40. Bb2 Nb4+ 41. Kc4 b6 42. c3 d3 43. Bc1 Nc6 44. Kxd3 Kd5 45. Bf4 Na5 46.
Kc2 Ke4 47. b4 cxb4 48. cxb4 Nc6 49. Kc3 h5 50. Bd6 b5 51. Kb3 Kd3 52. Bc5 a6
53. Bd6 Nd4+ 0-1

[Event "10. Bayer Open"]
[Site "?"]
[Date "2012.03.28"]
[Round "7"]
[White "Decker, Andreas"]
[Black "Meyer, Stefan"]
[Result "1/2-1/2"]
[WhiteElo "1808"]
[BlackElo "1662"]
[PlyCount "57"]
[EventDate "2012.??.??"]
[SourceDate "2012.01.12"]

1. d4 d5 2. Nf3 Nf6 3. Bf4 e6 4. e3 c5 5. c3 Nc6 6. Bd3 Bd6 7. Bg3 cxd4 8. exd4
Qc7 9. Nbd2 Nh5 10. Qe2 Nf4 11. Bxf4 Bxf4 12. g3 Bd6 13. O-O Bd7 14. Rfe1 h6
15. Rac1 O-O 16. Ne5 Bxe5 17. dxe5 Ne7 18. Nf3 Rac8 19. Nd4 Nc6 20. Nb5 Qb8 21.
Nd6 Rcd8 22. Nb5 g6 23. Na3 b5 24. Nc2 Rc8 25. f4 Na5 26. Nd4 Qb6 27. Kg2 Nc6
28. Nf3 Na5 29. Nd4 1/2-1/2

[Event "10. Bayer Open"]
[Site "?"]
[Date "2012.03.28"]
[Round "7"]
[White "Karwatzki, Hans-Jürgen"]
[Black "Westphal, Gerhard"]
[Result "0-1"]
[WhiteElo "1593"]
[BlackElo "1407"]
[PlyCount "64"]
[EventDate "2012.??.??"]
[SourceDate "2012.01.12"]

1. e4 e5 2. f4 exf4 3. Nf3 g5 4. h4 g4 5. Ne5 d6 6. Nxg4 h5 7. Nf2 Nf6 8. d4
Bh6 9. Nc3 Ng4 10. Qf3 c6 11. Bd3 Ne3 12. e5 Bg4 13. Nxg4 hxg4 14. Qe2 dxe5 15.
Bxe3 fxe3 16. dxe5 Qd4 17. O-O-O Qxe5 18. Rhf1 Bf4 19. g3 Bh6 20. Rf5 Qxg3 21.
Ne4 Qxh4 22. Nd6+ Ke7 23. Bc4 f6 24. Nf7 Rf8 25. Nxh6 Qxh6 26. Rh5 Qxh5 27.
Qxe3+ Qe5 28. Qf2 Qg5+ 29. Kb1 Nd7 30. Re1+ Kd8 31. Qd4 Re8 32. Rd1 Qf5 0-1

[Event "10. Bayer Open"]
[Site "?"]
[Date "2012.03.28"]
[Round "7"]
[White "Granz, Thomas"]
[Black "Seelig, Jochen"]
[Result "1-0"]
[WhiteElo "1656"]
[BlackElo "1426"]
[PlyCount "115"]
[EventDate "2012.??.??"]
[SourceDate "2012.01.12"]

1. d4 b6 2. c4 Bb7 3. Nc3 e6 4. Nf3 Bxf3 5. exf3 Bb4 6. Be3 Bxc3+ 7. bxc3 d6 8.
Bd3 Nd7 9. Be4 Rb8 10. Bc6 Ngf6 11. O-O O-O 12. Qc2 Qe7 13. Rfe1 Rbd8 14. Rad1
Nb8 15. Ba4 Nfd7 16. Qe4 a5 17. Bc2 g6 18. Bh6 Rfe8 19. Qg4 Nf6 20. Qh3 Nh5 21.
d5 e5 22. f4 f6 23. f5 Qf7 24. Qg4 g5 25. h4 Kh8 26. hxg5 fxg5 27. Bxg5 Rg8 28.
Qh4 Qg7 29. Qxh5 Qxg5 30. Qxg5 Rxg5 31. Re3 Rdg8 32. g3 Nd7 33. Kg2 Nf6 34. Rh1
h5 35. Kf1 Rg4 36. Bd3 e4 37. Bc2 R8g5 38. Bd1 Rxf5 39. Bxg4 Nxg4 40. Rxe4 Nxf2
41. Re8+ Kg7 42. Rh4 Ne4+ 43. Kg2 Rf2+ 44. Kg1 Rxa2 45. Rhxe4 Rc2 46. Re3 a4
47. Ra8 Ra2 48. Re7+ Kf6 49. Rxc7 Kf5 50. Rca7 Kg4 51. Rxa4 Rc2 52. c5+ Kxg3
53. Rg8+ Kf3 54. cxd6 Rc1+ 55. Kh2 Rc2+ 56. Kh3 Rc1 57. Rf8+ Ke3 58. d7 1-0

[Event "10. Bayer Open"]
[Site "?"]
[Date "2012.03.28"]
[Round "7"]
[White "Wehr, Günter"]
[Black "Kolleck, Wolf-Dietrich"]
[Result "1/2-1/2"]
[WhiteElo "1478"]
[BlackElo "1428"]
[PlyCount "35"]
[EventDate "2012.??.??"]
[SourceDate "2012.01.12"]

1. d4 Nf6 2. Nf3 d5 3. c4 e6 4. Nc3 c6 5. e3 Nbd7 6. cxd5 exd5 7. Bd3 Bd6 8.
O-O O-O 9. h3 Re8 10. Re1 h6 11. Bd2 Nf8 12. Ne2 N6d7 13. Qc2 Nf6 14. Rac1 Ne4
15. Nc3 Nxd2 16. Qxd2 Qf6 17. Be2 Bf5 18. Nh2 1/2-1/2

[Event "10. Bayer Open"]
[Site "?"]
[Date "2012.03.28"]
[Round "7"]
[White "Arnold, Bodo"]
[Black "Ramien, David"]
[Result "1-0"]
[WhiteElo "1615"]
[BlackElo "1450"]
[PlyCount "119"]
[EventDate "2012.??.??"]
[SourceDate "2012.01.12"]

1. Nf3 g6 2. c4 Bg7 3. Nc3 e5 4. d3 d6 5. g3 Nc6 6. Bg2 h6 7. Rb1 Be6 8. O-O
Qd7 9. a3 Nge7 10. b4 Bh3 11. b5 Nd8 12. Ne4 Bxg2 13. Kxg2 f5 14. Ned2 O-O 15.
e4 f4 16. Nb3 Ne6 17. d4 Qe8 18. d5 Nd8 19. a4 g5 20. g4 Qg6 21. Qe2 h5 22. h3
Nf7 23. Ba3 Nh6 24. Rg1 hxg4 25. hxg4 Nxg4 26. Kf1 Qh5 27. Ke1 Nf6 28. Rxg5 Qh7
29. Nbd2 Rfe8 30. Rg1 Nd7 31. Ng5 Qh2 32. Ndf3 Qh6 33. Ne6 Rac8 34. Nxg7 Qxg7
35. Rxg7+ Kxg7 36. Kd2 Rh8 37. Rg1+ Kf7 38. Ng5+ Kf6 39. Ne6 Rh3 40. f3 Rch8
41. Kd3 Rg3 42. Rf1 Ng6 43. Bb2 Rhh3 44. Rf2 Nc5+ 45. Nxc5 dxc5 46. Qf1 Ke7 47.
Ke2 Kd6 48. Rg2 Kd7 49. Bc3 Rxf3 50. Qxf3 Rxf3 51. Kxf3 Nh4+ 52. Kf2 Nxg2 53.
Kxg2 Kd6 54. Kf3 c6 55. bxc6 bxc6 56. dxc6 Kxc6 57. Bxe5 Kb6 58. Bc3 Kc6 59.
Kxf4 Kd6 60. Kf5 1-0

[Event "10. Bayer Open"]
[Site "?"]
[Date "2012.03.28"]
[Round "7"]
[White "Azimi, Reza"]
[Black "Pütz, Viktor"]
[Result "1-0"]
[WhiteElo "1410"]
[BlackElo "1600"]
[PlyCount "84"]
[EventDate "2012.??.??"]
[SourceDate "2012.01.12"]

1. e4 c5 2. Nf3 Nc6 3. d4 cxd4 4. Nxd4 Nf6 5. Nc3 e6 6. Bg5 Be7 7. Be2 Qb6 8.
Nb3 O-O 9. O-O Rd8 10. Be3 Qc7 11. Nb5 Qe5 12. Bd3 a6 13. f4 Qxb2 14. N5d4 Nxd4
15. Bxd4 Qa3 16. Qf3 d5 17. Bxf6 Bxf6 18. e5 Be7 19. Qh5 Bc5+ 20. Kh1 g6 21.
Qg4 b5 22. h4 Bb7 23. h5 Kg7 24. Qg5 Be7 25. h6+ Kg8 26. Qg4 Qb4 27. Rab1 Rac8
28. Qe2 Rf8 29. Nd2 Qc3 30. Rb3 Qd4 31. Qg4 f5 32. exf6 Qxf6 33. Nf3 Rc6 34. g3
Re8 35. Ne5 Rc7 36. Kh2 Bf8 37. Qh3 g5 38. Ng4 Qe7 39. Qh5 gxf4 40. Rxf4 Rd8
41. Nf6+ Kh8 42. Bxh7 e5 1-0

[Event "10. Bayer Open"]
[Site "?"]
[Date "2012.03.28"]
[Round "7"]
[White "Weber, Jakob Martin"]
[Black "Wotzka, Anton"]
[Result "1-0"]
[WhiteElo "1195"]
[BlackElo "1598"]
[PlyCount "49"]
[EventDate "2012.??.??"]
[SourceDate "2012.01.12"]

1. e4 e5 2. Nf3 Nc6 3. Bb5 a6 4. Ba4 Nf6 5. d3 d6 6. O-O b5 7. Bb3 Na5 8. Nbd2
Be7 9. c3 O-O 10. Bc2 h6 11. d4 exd4 12. cxd4 Bg4 13. h3 Bh5 14. Qe1 c6 15. b4
Nb7 16. e5 Nd5 17. e6 fxe6 18. Qxe6+ Kh8 19. Nh4 Bxh4 20. Qe4 g6 21. g4 Nf6 22.
Qd3 Bxg4 23. hxg4 Nxg4 24. Qxg6 Rg8 25. Qh7# 1-0

[Event "10. Bayer Open"]
[Site "?"]
[Date "2012.03.28"]
[Round "7"]
[White "Döring, Mirko"]
[Black "Teuber, Alfons"]
[Result "1-0"]
[WhiteElo "1520"]
[BlackElo "1061"]
[PlyCount "89"]
[EventDate "2012.??.??"]
[SourceDate "2012.01.12"]

1. e4 e5 2. Nf3 Nf6 3. Nxe5 Nxe4 4. Qe2 Nd6 5. Nc6+ Qe7 6. Nxe7 Bxe7 7. Qf3 O-O
8. Bd3 Nc6 9. O-O Ne5 10. Qh3 Nxd3 11. Qxd3 Bf6 12. Nc3 a6 13. Nd5 Bd8 14. b3
c6 15. Ne3 Bf6 16. Rb1 Nb5 17. Bb2 Bxb2 18. Rxb2 d5 19. c4 Nc7 20. cxd5 cxd5
21. Nxd5 Nxd5 22. Qxd5 Re8 23. Rbb1 Rb8 24. Qd6 Be6 25. Rfe1 Rbd8 26. Qb4 b5
27. d4 Rd5 28. Rbc1 Red8 29. Qa5 R5d6 30. a4 bxa4 31. Qxa4 g6 32. b4 Bd7 33.
Qa5 Bb5 34. Qa1 Rxd4 35. Re8+ Rxe8 36. Qxd4 h5 37. g4 hxg4 38. Qxg4 Kg7 39. h4
f6 40. Rc7+ Kh6 41. Qf4+ g5 42. hxg5+ Kh5 43. Rh7+ Kg6 44. Rh6+ Kg7 45. Qxf6+
1-0

[Event "10. Bayer Open"]
[Site "?"]
[Date "2012.03.28"]
[Round "7"]
[White "Roder, Stephan"]
[Black "Khananyev, Shalmi"]
[Result "1-0"]
[WhiteElo "1391"]
[BlackElo "1183"]
[PlyCount "72"]
[EventDate "2012.??.??"]
[SourceDate "2012.01.12"]

1. e4 c5 2. Bc4 g6 3. Nf3 Bg7 4. Nc3 d6 5. O-O e6 6. d3 Nc6 7. Bf4 a6 8. a3 Qe7
9. Rb1 Nf6 10. Qd2 Ng8 11. Rfe1 Qc7 12. Re2 h6 13. h3 g5 14. Bh2 Qe7 15. b4
cxb4 16. axb4 Qc7 17. b5 Nd4 18. Nxd4 Bxd4 19. bxa6 bxa6 20. Ra1 Ne7 21. Nb5
Qc5 22. Nxd6+ Kf8 23. Ra5 Qb6 24. Nxc8 Nxc8 25. Ra4 a5 26. c3 Bg7 27. e5 Qc6
28. Ra2 Nb6 29. Bb3 Nd7 30. Ba4 Qc7 31. Bxd7 Qxd7 32. c4 Qc7 33. f4 gxf4 34.
Qxf4 Ke7 35. Reb2 Ra7 36. Rb5 Rd8 {Rest unklar.} 1-0

[Event "10. Bayer Open"]
[Site "?"]
[Date "2012.03.28"]
[Round "7"]
[White "Wilde, Christian"]
[Black "Rodewald, Horst"]
[Result "1-0"]
[WhiteElo "1026"]
[BlackElo "1309"]
[PlyCount "105"]
[EventDate "2012.??.??"]
[SourceDate "2012.01.12"]

1. c4 c6 2. Nc3 e6 3. g3 Nf6 4. e4 h6 5. Nge2 e5 6. d4 d6 7. d5 Bg4 8. h3 Bf3
9. Rh2 Qd7 10. Bg2 Bxg2 11. Rxg2 Qxh3 12. Rg1 Be7 13. Kd2 Qg4 14. Kc2 Nxe4 15.
dxc6 Nxc6 16. Nxe4 Qxe4+ 17. Kc3 O-O 18. a3 Na5 19. Qd3 Qxc4+ 20. Qxc4 Nxc4 21.
Kxc4 Rac8+ 22. Kb3 Rc6 23. Nc3 f5 24. f4 Bd8 25. Be3 e4 26. Nd5 Bb6 27. Bxb6
axb6 28. Ne7+ Kh7 29. Nxc6 bxc6 30. Kc3 d5 31. Kd4 Rd8 32. b4 Ra8 33. g4 Kg6
34. gxf5+ Kh7 35. Rg6 Rf8 36. Rag1 Rf7 37. Rxc6 Rxf5 38. Rxb6 Rxf4 39. Kxd5 e3
40. Re6 Rf3 41. Re1 e2 42. a4 Rd3+ 43. Kc4 Ra3 44. a5 Ra2 45. R1xe2 Ra1 46. a6
Rc1+ 47. Kb5 Rd1 48. a7 Rd5+ 49. Kb6 Rd8 50. Ra2 Rd4 51. b5 Rd8 52. a8=Q Rxa8
53. Rxa8 1-0

[Event "10. Bayer Open"]
[Site "?"]
[Date "2012.03.28"]
[Round "7"]
[White "Balduan, Karl-Heinz"]
[Black "Longerich, Hans-Peter"]
[Result "0-1"]
[WhiteElo "1508"]
[BlackElo "1320"]
[PlyCount "112"]
[EventDate "2012.??.??"]
[SourceDate "2012.01.12"]

1. d4 Nf6 2. Nf3 g6 3. Bf4 Bg7 4. e3 d6 5. c3 O-O 6. Bg3 Nbd7 7. Be2 c5 8. Na3
a6 9. Nc2 Qb6 10. Rb1 Re8 11. O-O cxd4 12. cxd4 Ne4 13. Bd3 Nxg3 14. hxg3 Nf6
15. Na3 Bg4 16. Nc4 Qd8 17. b4 e5 18. Be2 Qe7 19. dxe5 Bxf3 20. exf6 Bxe2 21.
fxe7 Bxd1 22. Rbxd1 Rxe7 23. Rxd6 Rb8 24. Rfd1 Re4 25. Rd8+ Rxd8 26. Rxd8+ Bf8
27. Nb6 Kg7 28. a3 Re6 29. Na4 Rc6 30. Rd3 Rc4 31. Nb6 Rc6 32. Na4 Rc4 33. Kf1
a5 34. Nb6 Rc1+ 35. Ke2 axb4 36. axb4 Bxb4 37. Rb3 Rc2+ 38. Kf3 Be1 39. Rb1
Rxf2+ 40. Ke4 f5+ 41. Kd5 Rd2+ 42. Ke6 Bxg3 43. Nc4 Rxg2 44. Rxb7+ Kh6 45. Rb1
Kg5 46. Rh1 h5 47. Ra1 h4 48. Rh1 Kg4 49. Nb6 h3 50. Nd5 h2 51. e4 Re2 52. Kf6
Rxe4 53. Kxg6 Re1 54. Nf6+ Kh3 55. Rxh2+ Bxh2 56. Kxf5 Kh4 {
der Rest war nicht mehr zu entziffern.} 0-1

[Event "10. Bayer Open"]
[Site "?"]
[Date "2012.03.28"]
[Round "7"]
[White "Neuber, Max"]
[Black "Barche, Uwe"]
[Result "0-1"]
[WhiteElo "812"]
[BlackElo "1061"]
[PlyCount "106"]
[EventDate "2012.??.??"]
[SourceDate "2012.01.12"]

1. e4 e6 2. d4 d5 3. exd5 exd5 4. c3 Nf6 5. Bd3 Bd6 6. Ne2 O-O 7. O-O Re8 8.
Bf4 Be6 9. Nd2 Nh5 10. Bxd6 Qxd6 11. Re1 Nd7 12. Rc1 a6 13. c4 c6 14. cxd5 Bxd5
15. b3 b5 16. Nc3 Ndf6 17. Nxd5 cxd5 18. Qc2 g6 19. Qc6 Qf4 20. Nf3 Kg7 21.
Rxe8 Rxe8 22. Re1 Rxe1+ 23. Nxe1 Qxd4 24. h3 Nf4 25. Qc2 Nd7 26. g3 Nxh3+ 27.
Kg2 Ng5 28. Nf3 Nxf3 29. Kxf3 Ne5+ 30. Ke2 Nxd3 31. Qxd3 Qe4+ 32. Qxe4 dxe4 33.
Ke3 f5 34. Ke2 Kf6 35. f3 exf3+ 36. Kxf3 Kg5 37. Kg2 Kg4 38. a3 h5 39. a4 h4
40. gxh4 Kxh4 41. axb5 axb5 42. b4 Kg5 43. Kf2 Kf4 44. Kg2 g5 45. Kg1 g4 46.
Kg2 g3 47. Kg1 Kf3 48. Kf1 Kg4 49. Kg2 f4 50. Kg1 f3 51. Kf1 Kh3 52. Kg1 f2+
53. Kf1 Kh2 0-1